[Event "Univé Chess Tournament 2009 - Open"]
[Site "Hoogeveen NED"]
[Date "2009.10.22"]
[Round "7.29"]
[White "Warmelink, Evie"]
[Black "Galje, Hans"]
[Result "1-0"]
[WhiteElo "1941"]
[BlackElo "2139"]
[PlyCount "77"]
[EventDate "2009.10.16"]
[EventType "swiss"]
[EventRounds "9"]
[EventCountry "NED"]
[Source "lmi"]
[SourceDate "2009.10.16"]

1. e4 d5 2. exd5 Nf6 3. d4 Nxd5 4. c4 Nb6 5. Nf3 g6 6. Nc3 Bg7 7. Be3 O-O 8.
Be2 Nc6 9. O-O Bg4 10. c5 Nd5 11. Nxd5 Qxd5 12. h3 Bf5 13. Qa4 e5 14. dxe5 Nxe5
15. Rad1 Qc6 16. Qf4 Qe8 17. Bd4 Nc6 18. Bxg7 Kxg7 19. Bb5 Qe4 20. Qxc7 Bxh3
21. Bxc6 bxc6 22. Rd4 Qf5 23. Qg3 Bxg2 24. Kxg2 Qxc5 25. Qe5+ Qxe5 26. Nxe5 c5
27. Rc4 Rfe8 28. Rxc5 Rab8 29. b3 Rb7 30. Rd1 Rbe7 31. Nc6 Re2 32. a4 Rb2 33.
Rd3 Ree2 34. Rf3 Re1 35. Nxa7 f5 36. a5 Rbb1 37. Rd3 Rh1 38. Nb5 f4 39. a6 1-0

[Event "Univé Chess Tournament 2009 - Open"]
[Site "Hoogeveen NED"]
[Date "2009.10.23"]
[Round "8.2"]
[White "Ulibin, Mikhail"]
[Black "Brodsky, Michail"]
[Result "1/2-1/2"]
[WhiteElo "2533"]
[BlackElo "2530"]
[PlyCount "36"]
[EventDate "2009.10.16"]
[EventType "swiss"]
[EventRounds "9"]
[EventCountry "NED"]
[Source "lmi"]
[SourceDate "2009.10.16"]

1. f4 c5 2. Nf3 Nf6 3. e3 g6 4. d4 Bg7 5. Bd3 d6 6. c3 O-O 7. O-O Nc6 8. Bc2
cxd4 9. exd4 e5 10. fxe5 dxe5 11. Nxe5 Nxe5 12. dxe5 Qb6+ 13. Qd4 Nd7 14. Re1
Nxe5 15. Qxb6 axb6 16. Bf4 Re8 17. Nd2 Bd7 18. a3 Bc6 1/2-1/2

[Event "Univé Chess Tournament 2009 - Open"]
[Site "Hoogeveen NED"]
[Date "2009.10.23"]
[Round "8.3"]
[White "Romanishin, Oleg"]
[Black "Kasparov, Sergey"]
[Result "1/2-1/2"]
[WhiteElo "2515"]
[BlackElo "2488"]
[PlyCount "37"]
[EventDate "2009.10.16"]
[EventType "swiss"]
[EventRounds "9"]
[EventCountry "NED"]
[Source "lmi"]
[SourceDate "2009.10.16"]

1. Nf3 Nf6 2. g3 d5 3. Bg2 c6 4. O-O Bg4 5. c4 e6 6. Ne5 Bh5 7. d4 Nbd7 8. Nc3
Be7 9. Qb3 Qb6 10. Nxd7 Nxd7 11. e4 dxe4 12. Nxe4 Qxb3 13. axb3 Bg6 14. Bf4
Bxe4 15. Bxe4 Nf6 16. Bf3 O-O 17. Rfd1 Rfd8 18. g4 h6 19. h4 1/2-1/2

[Event "Univé Chess Tournament 2009 - Open"]
[Site "Hoogeveen NED"]
[Date "2009.10.23"]
[Round "8.5"]
[White "Friedel, Joshua E"]
[Black "Vul, Arkadi Eremeevich"]
[Result "1-0"]
[WhiteElo "2555"]
[BlackElo "2309"]
[PlyCount "49"]
[EventDate "2009.10.16"]
[EventType "swiss"]
[EventRounds "9"]
[EventCountry "NED"]
[Source "lmi"]
[SourceDate "2009.10.16"]

1. e4 e5 2. Nf3 Nc6 3. Bb5 g6 4. c3 Nge7 5. O-O Bg7 6. d4 exd4 7. cxd4 d5 8. e5
O-O 9. h3 h6 10. Nc3 Kh7 11. Re1 f6 12. e6 Qd6 13. Bxc6 bxc6 14. Na4 Re8 15.
Nc5 Ng8 16. g3 f5 17. Bf4 Qe7 18. Qa4 Rb8 19. Re2 Rb5 20. Qxa7 Bxd4 21. Nxd4
Rxc5 22. Bd2 Rc4 23. b3 Qc5 24. Qxc5 Rxc5 25. Bb4 1-0

[Event "Univé Chess Tournament 2009 - Open"]
[Site "Hoogeveen NED"]
[Date "2009.10.23"]
[Round "8.8"]
[White "Van Delft, Merijn"]
[Black "Willemze, Thomas"]
[Result "1/2-1/2"]
[WhiteElo "2374"]
[BlackElo "2391"]
[PlyCount "35"]
[EventDate "2009.10.16"]
[EventType "swiss"]
[EventRounds "9"]
[EventCountry "NED"]
[Source "lmi"]
[SourceDate "2009.10.16"]

1. e4 c6 2. d4 d5 3. Nc3 dxe4 4. Nxe4 Bf5 5. Ng3 Bg6 6. h4 h6 7. Nf3 Nd7 8. h5
Bh7 9. Bd3 Bxd3 10. Qxd3 e6 11. Bf4 Qa5+ 12. Bd2 Qc7 13. O-O-O Ngf6 14. Ne4
O-O-O 15. g3 Nxe4 16. Qxe4 Nf6 17. Qe2 Bd6 18. Kb1 1/2-1/2

[Event "Univé Chess Tournament 2009 - Open"]
[Site "Hoogeveen NED"]
[Date "2009.10.23"]
[Round "8.9"]
[White "Afek, Yochanan"]
[Black "Kraai, Jesse"]
[Result "0-1"]
[WhiteElo "2303"]
[BlackElo "2526"]
[PlyCount "58"]
[EventDate "2009.10.16"]
[EventType "swiss"]
[EventRounds "9"]
[EventCountry "NED"]
[Source "lmi"]
[SourceDate "2009.10.16"]

1. e4 e6 2. d4 d5 3. e5 c5 4. c3 Nc6 5. Nf3 Qb6 6. a3 Nh6 7. Bd3 Bd7 8. Bc2 g6
9. O-O cxd4 10. cxd4 Nf5 11. Bxf5 gxf5 12. Nc3 Rg8 13. b4 Rc8 14. Ne2 a5 15.
bxa5 Nxa5 16. Bg5 Qb3 17. Qd2 Nc4 18. Qf4 h6 19. Ng3 hxg5 20. Nxg5 Rh8 21. Rab1
Qc2 22. Rxb7 Qd2 23. Qxd2 Nxd2 24. Ra1 Rh4 25. h3 Be7 26. f4 Rxf4 27. Nh7 Bc6
28. Ra7 Rxd4 29. a4 Bc5 0-1

[Event "Univé Chess Tournament 2009 - Open"]
[Site "Hoogeveen NED"]
[Date "2009.10.23"]
[Round "8.11"]
[White "Van Oosterom, Chiel"]
[Black "Van Kooten, Luuk"]
[Result "1/2-1/2"]
[WhiteElo "2386"]
[BlackElo "2292"]
[PlyCount "36"]
[EventDate "2009.10.16"]
[EventType "swiss"]
[EventRounds "9"]
[EventCountry "NED"]
[Source "lmi"]
[SourceDate "2009.10.16"]

1. e4 c5 2. Nf3 e6 3. c3 Nf6 4. e5 Nd5 5. d4 cxd4 6. cxd4 d6 7. Bc4 Nb6 8. Bd3
Nc6 9. a3 dxe5 10. dxe5 Nd7 11. Bb5 Qc7 12. O-O a6 13. Bxc6 Qxc6 14. Bg5 h6 15.
Bh4 b5 16. Nbd2 Bb7 17. Rc1 Qd5 18. Qe2 g5 1/2-1/2

[Event "Univé Chess Tournament 2009 - Open"]
[Site "Hoogeveen NED"]
[Date "2009.10.23"]
[Round "8.12"]
[White "Bezemer, Arno"]
[Black "Heemskerk, Wim"]
[Result "1/2-1/2"]
[WhiteElo "2364"]
[BlackElo "2236"]
[PlyCount "47"]
[EventDate "2009.10.16"]
[EventType "swiss"]
[EventRounds "9"]
[EventCountry "NED"]
[Source "lmi"]
[SourceDate "2009.10.16"]

1. d4 e6 2. c4 Nf6 3. Nc3 d5 4. cxd5 exd5 5. Bg5 Be7 6. e3 c6 7. Qc2 Nbd7 8.
Bd3 O-O 9. Nge2 Re8 10. O-O Nf8 11. f3 Be6 12. Rad1 Rc8 13. Bh4 a6 14. Bf2 c5
15. Qd2 N8d7 16. Kh1 cxd4 17. Nxd4 Ne5 18. Nxe6 fxe6 19. Rc1 Qa5 20. Qe2 Nxd3
21. Qxd3 Red8 22. a3 Bd6 23. Rc2 Rc6 24. Rfc1 1/2-1/2

[Event "Univé Chess Tournament 2009 - Open"]
[Site "Hoogeveen NED"]
[Date "2009.10.23"]
[Round "8.13"]
[White "Grooten, Herman"]
[Black "Lagrotteria, Salvatore"]
[Result "1-0"]
[WhiteElo "2328"]
[BlackElo "2221"]
[PlyCount "75"]
[EventDate "2009.10.16"]
[EventType "swiss"]
[EventRounds "9"]
[EventCountry "NED"]
[Source "lmi"]
[SourceDate "2009.10.16"]

1. d4 d5 2. c4 c6 3. Nf3 Nf6 4. Nc3 a6 5. c5 g6 6. Bf4 Bg7 7. h3 O-O 8. e3 Re8
9. Bd3 Nbd7 10. Rc1 Nf8 11. O-O N6d7 12. e4 Ne6 13. Be3 dxe4 14. Nxe4 Nc7 15.
Nfg5 h6 16. Nf3 Nd5 17. Qd2 Nxe3 18. fxe3 Nf6 19. Nf2 Be6 20. b3 Qc7 21. e4 Nh5
22. e5 Bd5 23. Nh2 Qd7 24. g4 Ng3 25. Rfe1 h5 26. Qf4 h4 27. Qg5 Be4 28. Bxe4
Qxd4 29. Bg2 Qb2 30. Qe3 Rad8 31. Nf3 g5 32. a4 f5 33. Qxg5 Ne2+ 34. Rxe2 Qxe2
35. Re1 Qc2 36. Qg6 Rf8 37. Ng5 Rfe8 38. Ne6 1-0

[Event "Univé Chess Tournament 2009 - Open"]
[Site "Hoogeveen NED"]
[Date "2009.10.23"]
[Round "8.14"]
[White "Haast, Anne"]
[Black "Ootes, Lars"]
[Result "1-0"]
[WhiteElo "2215"]
[BlackElo "2384"]
[PlyCount "101"]
[EventDate "2009.10.16"]
[EventType "swiss"]
[EventRounds "9"]
[EventCountry "NED"]
[Source "lmi"]
[SourceDate "2009.10.16"]

1. e4 c5 2. Nf3 d6 3. d4 cxd4 4. Nxd4 Nf6 5. Nc3 a6 6. Be3 e5 7. Nb3 Be6 8. f3
Be7 9. Qd2 O-O 10. O-O-O Nbd7 11. g4 b5 12. Rg1 b4 13. Nd5 Bxd5 14. exd5 a5 15.
g5 Nh5 16. Kb1 Qc7 17. Rg4 Rfb8 18. Nc1 Nb6 19. Bb5 Rf8 20. Bc6 Rab8 21. Qd3
Bd8 22. Ne2 g6 23. Ng3 Nxg3 24. hxg3 f5 25. gxf6 Bxf6 26. Rh1 Rf7 27. Bh6 Qe7
28. f4 e4 29. Qe2 a4 30. f5 Qe5 31. Bc1 Qxf5 32. Rf4 Qc8 33. Rhf1 Qd8 34. Qxe4
Re7 35. Qd3 Bg7 36. Rxb4 Re5 37. Bf4 Rf5 38. Re1 Rf8 39. Qe4 a3 40. Qe6+ Kh8
41. Qxd6 Nd7 42. Rxb8 Qxb8 43. Qxb8 Nxb8 44. Re8 Rxe8 45. Bxe8 Na6 46. Bd6 Bd4
47. b4 Bc3 48. b5 Nb4 49. b6 Nxd5 50. b7 Bd4 51. c4 1-0

[Event "Univé Chess Tournament 2009 - Open"]
[Site "Hoogeveen NED"]
[Date "2009.10.23"]
[Round "8.15"]
[White "Hoffman, Ron"]
[Black "De Jong, Migchiel"]
[Result "1-0"]
[WhiteElo "2107"]
[BlackElo "2373"]
[PlyCount "85"]
[EventDate "2009.10.16"]
[EventType "swiss"]
[EventRounds "9"]
[EventCountry "NED"]
[Source "lmi"]
[SourceDate "2009.10.16"]

1. d4 e6 2. c4 Bb4+ 3. Bd2 a5 4. Nf3 d6 5. g3 Nc6 6. Bg2 e5 7. O-O exd4 8. Bxb4
axb4 9. Nxd4 Nxd4 10. Qxd4 Nf6 11. c5 dxc5 12. Qxc5 Qe7 13. Rc1 Qxc5 14. Rxc5
c6 15. Rxc6 bxc6 16. Bxc6+ Ke7 17. Bxa8 Rd8 18. f3 Bf5 19. e4 Bh3 20. Bc6 Rd1+
21. Kf2 h5 22. a4 Rf1+ 23. Ke3 Bg2 24. a5 Rxf3+ 25. Ke2 Ng4 26. Nd2 Re3+ 27.
Kd1 b3 28. Nc4 Rd3+ 29. Ke2 Rd4 30. Nd2 Ne5 31. Bb7 Bh3 32. a6 Bg4+ 33. Ke1
Nd3+ 34. Kf1 Nc5 35. a7 Rxd2 36. a8=Q Nd3 37. Qa3+ Kd7 38. Bc8+ Kxc8 39. Qf8+
Kd7 40. Qxf7+ Kd6 41. Ra6+ Kc5 42. Qd5+ Kb4 43. Rb6+ 1-0

[Event "Univé Chess Tournament 2009 - Open"]
[Site "Hoogeveen NED"]
[Date "2009.10.23"]
[Round "8.16"]
[White "Mellema, Andries"]
[Black "Tondivar, Babak"]
[Result "1/2-1/2"]
[WhiteElo "2125"]
[BlackElo "2367"]
[PlyCount "62"]
[EventDate "2009.10.16"]
[EventType "swiss"]
[EventRounds "9"]
[EventCountry "NED"]
[Source "lmi"]
[SourceDate "2009.10.16"]

1. e4 e5 2. Nc3 Nf6 3. g3 d5 4. exd5 Nxd5 5. Bg2 Nxc3 6. bxc3 Bd6 7. Nf3 O-O 8.
O-O Nd7 9. d4 exd4 10. cxd4 c5 11. Bb2 Qc7 12. Re1 Rd8 13. Qe2 c4 14. Bc3 Nf6
15. Ng5 h6 16. Ne4 Nd5 17. Nxd6 Qxd6 18. Qxc4 Be6 19. Qd3 Nxc3 20. Qxc3 Rac8
21. Qd3 Qxd4 22. Bxb7 Rc3 23. Qxd4 Rxd4 24. Be4 Ra3 25. Bd3 Rb4 26. Kf1 Kf8 27.
Ke2 Rb2 28. Kd2 Raxa2 29. Rxa2 Rxa2 30. Kc3 Ra4 31. h4 Ke7 1/2-1/2

[Event "Univé Chess Tournament 2009 - Open"]
[Site "Hoogeveen NED"]
[Date "2009.10.23"]
[Round "8.17"]
[White "Clemens, Adrian"]
[Black "Pijpers, Arthur"]
[Result "1-0"]
[WhiteElo "2264"]
[BlackElo "2190"]
[PlyCount "61"]
[EventDate "2009.10.16"]
[EventType "swiss"]
[EventRounds "9"]
[EventCountry "NED"]
[Source "lmi"]
[SourceDate "2009.10.16"]

1. d4 d5 2. c4 c6 3. Nf3 Nf6 4. e3 Bg4 5. Qb3 Qb6 6. Nc3 e6 7. Nh4 Bh5 8. h3
Be7 9. g4 Bg6 10. Nxg6 hxg6 11. Bg2 Nbd7 12. g5 Ng8 13. e4 dxc4 14. Qxc4 Rd8
15. Be3 Qb4 16. Qxb4 Bxb4 17. d5 Ne5 18. O-O-O c5 19. dxe6 fxe6 20. Nb5 a6 21.
Nc7+ Ke7 22. Rxd8 Kxd8 23. Nxe6+ Kd7 24. Nxc5+ Bxc5 25. Rd1+ Bd6 26. Bc5 Nc4
27. Bxd6 Ke6 28. Bg3 Ne7 29. b3 Ne5 30. h4 N7c6 31. f4 1-0

[Event "Univé Chess Tournament 2009 - Open"]
[Site "Hoogeveen NED"]
[Date "2009.10.23"]
[Round "8.18"]
[White "Beukema, Stefan"]
[Black "Timmermans, Ivo"]
[Result "0-1"]
[WhiteElo "2032"]
[BlackElo "2237"]
[PlyCount "130"]
[EventDate "2009.10.16"]
[EventType "swiss"]
[EventRounds "9"]
[EventCountry "NED"]
[Source "lmi"]
[SourceDate "2009.10.16"]

1. e4 e6 2. d4 d5 3. Nc3 Bb4 4. e5 c5 5. a3 Bxc3+ 6. bxc3 Ne7 7. Qg4 O-O 8. Bd3
Nbc6 9. Nf3 f5 10. exf6 Rxf6 11. Qh5 h6 12. Ne5 c4 13. Nxc6 Nxc6 14. Be2 Qa5
15. Bd2 Bd7 16. f4 Be8 17. Qh3 Bg6 18. Ra2 Qa4 19. Bg4 Re8 20. Bh5 Ne7 21. Bxg6
Rxg6 22. O-O Nf5 23. Rb1 Nd6 24. Be1 Rf6 25. Qh5 b6 26. Rb4 Qd7 27. Qe5 Ref8
28. g3 Ne4 29. Rxc4 dxc4 30. Qxe4 Qd5 31. Qxd5 exd5 32. Ra1 Re8 33. Kf1 Rfe6
34. Bf2 Kf7 35. Re1 Rxe1+ 36. Bxe1 Kg6 37. Bd2 Kf5 38. h3 b5 39. Kf2 Ke4 40. g4
Re6 41. f5 Ra6 42. Bc1 Rb6 43. Ke2 h5 44. Bd2 hxg4 45. hxg4 Rb8 46. Kf2 Rh8 47.
Kg2 Rh4 48. Kg3 Rh1 49. Kg2 Ra1 50. Bh6 Rxa3 51. Bxg7 Rxc3 52. f6 Rxc2+ 53. Kg1
Rc3 54. f7 Rg3+ 55. Kh2 Rf3 56. f8=Q Rxf8 57. Bxf8 a5 58. g5 Kf5 59. Kg3 b4 60.
Kf3 b3 61. Ba3 c3 62. g6 Kxg6 63. Ke3 b2 64. Kd3 b1=Q+ 65. Kxc3 a4 0-1

[Event "Univé Chess Tournament 2009 - Open"]
[Site "Hoogeveen NED"]
[Date "2009.10.23"]
[Round "8.19"]
[White "Sparenberg, Erik"]
[Black "Vinke, Andreas"]
[Result "1/2-1/2"]
[WhiteElo "2076"]
[BlackElo "2232"]
[PlyCount "43"]
[EventDate "2009.10.16"]
[EventType "swiss"]
[EventRounds "9"]
[EventCountry "NED"]
[Source "lmi"]
[SourceDate "2009.10.16"]

1. c4 Nf6 2. Nc3 e5 3. g3 Bb4 4. Bg2 O-O 5. a3 Bxc3 6. bxc3 Nc6 7. Nf3 d6 8.
O-O h6 9. Rb1 Rb8 10. d3 Be6 11. Nd2 Qd7 12. Ne4 Nxe4 13. Bxe4 d5 14. cxd5 Bxd5
15. Bxd5 Qxd5 16. e4 Qd6 17. Qg4 Ne7 18. d4 f5 19. exf5 exd4 20. Qxd4 Qxd4 21.
cxd4 Rxf5 22. Bf4 1/2-1/2

[Event "Univé Chess Tournament 2009 - Open"]
[Site "Hoogeveen NED"]
[Date "2009.10.23"]
[Round "8.20"]
[White "Mostertman, Milan"]
[Black "Admiraal, Miguoel"]
[Result "1/2-1/2"]
[WhiteElo "2138"]
[BlackElo "2194"]
[PlyCount "38"]
[EventDate "2009.10.16"]
[EventType "swiss"]
[EventRounds "9"]
[EventCountry "NED"]
[Source "lmi"]
[SourceDate "2009.10.16"]

1. e4 c5 2. Nf3 e6 3. d4 cxd4 4. Nxd4 Nf6 5. Nc3 d6 6. Be2 Be7 7. O-O Nc6 8.
Be3 O-O 9. Kh1 Bd7 10. f4 Nxd4 11. Bxd4 Bc6 12. Bd3 g6 13. Rf3 b5 14. Bxf6 Bxf6
15. Bxb5 Bxc3 16. Bxc6 Bxb2 17. Rb1 Rb8 18. Rb3 Rxb3 19. cxb3 Bg7 1/2-1/2

[Event "Univé Chess Tournament 2009 - Open"]
[Site "Hoogeveen NED"]
[Date "2009.10.23"]
[Round "8.21"]
[White "Hummel, Joop"]
[Black "Jellema, Yme Jan"]
[Result "0-1"]
[WhiteElo "2025"]
[BlackElo "2177"]
[PlyCount "62"]
[EventDate "2009.10.16"]
[EventType "swiss"]
[EventRounds "9"]
[EventCountry "NED"]
[Source "lmi"]
[SourceDate "2009.10.16"]

1. d4 d5 2. c4 c6 3. Nf3 Nf6 4. Nc3 dxc4 5. g3 b5 6. Bg2 Bb7 7. Ne5 Nd5 8. Ne4
e6 9. O-O Nd7 10. b3 Nxe5 11. dxe5 c3 12. Bg5 Qc7 13. Nd6+ Bxd6 14. exd6 Qxd6
15. e4 f6 16. Bf4 e5 17. exd5 cxd5 18. Be3 Bc6 19. Qh5+ g6 20. Qh6 d4 21. Bxc6+
Qxc6 22. Qg7 O-O-O 23. Bc1 Kb8 24. f4 e4 25. f5 g5 26. Bxg5 fxg5 27. f6 d3 28.
f7 Qc5+ 29. Kg2 Rhf8 30. Qxh7 d2 31. Qxe4 Qd5 0-1

[Event "Univé Chess Tournament 2009 - Open"]
[Site "Hoogeveen NED"]
[Date "2009.10.23"]
[Round "8.22"]
[White "Warmelink, Evie"]
[Black "Kasparova, Tatiana"]
[Result "1/2-1/2"]
[WhiteElo "1941"]
[BlackElo "2175"]
[PlyCount "72"]
[EventDate "2009.10.16"]
[EventType "swiss"]
[EventRounds "9"]
[EventCountry "NED"]
[Source "lmi"]
[SourceDate "2009.10.16"]

1. e4 c6 2. d4 d5 3. Bd3 dxe4 4. Bxe4 Nf6 5. Bf3 Bf5 6. Ne2 e6 7. c4 Bd6 8.
Nbc3 Nbd7 9. Ng3 Bg6 10. Nge4 Nxe4 11. Nxe4 Be7 12. O-O O-O 13. Bf4 Bxe4 14.
Bxe4 Nf6 15. Bf3 Qa5 16. Qe2 Rad8 17. Rfd1 Rd7 18. a3 Qf5 19. Be5 Rfd8 20. b4
h6 21. h3 Qg5 22. Qe3 Bd6 23. Qxg5 hxg5 24. Bxf6 gxf6 25. d5 cxd5 26. cxd5 exd5
27. Rxd5 Bh2+ 28. Kxh2 Rxd5 29. Bxd5 Rxd5 30. Rc1 b6 31. Rc7 a5 32. Rc6 axb4
33. axb4 Rb5 34. Rc4 Kg7 35. Kg3 Kg6 36. h4 gxh4+ 1/2-1/2

[Event "Univé Chess Tournament 2009 - Open"]
[Site "Hoogeveen NED"]
[Date "2009.10.23"]
[Round "8.23"]
[White "Kabos, Tobias"]
[Black "Fehr, Axel"]
[Result "0-1"]
[WhiteElo "2175"]
[BlackElo "2128"]
[PlyCount "92"]
[EventDate "2009.10.16"]
[EventType "swiss"]
[EventRounds "9"]
[EventCountry "NED"]
[Source "lmi"]
[SourceDate "2009.10.16"]

1. e4 g6 2. c4 Bg7 3. Nc3 c5 4. g3 Nc6 5. Bg2 d6 6. d3 Nf6 7. Nge2 O-O 8. O-O
Rb8 9. h3 a6 10. b3 Ne8 11. Bb2 b5 12. Qd2 Qa5 13. f4 Nd4 14. Nxd4 Bxd4+ 15.
Kh2 bxc4 16. dxc4 Ng7 17. Rad1 Re8 18. Ba1 Bb7 19. Qb2 Qxc3 20. Qxc3 Bxc3 21.
Bxc3 f5 22. e5 Bxg2 23. Kxg2 dxe5 24. Bxe5 Rbd8 25. Kf3 Ne6 26. Ke3 Kf7 27. g4
h5 28. a3 hxg4 29. hxg4 fxg4 30. Rd5 Rxd5 31. cxd5 Ng7 32. Rh1 Nh5 33. Rc1 Rc8
34. b4 c4 35. a4 Ng3 36. f5 Nxf5+ 37. Kf4 g3 38. Bc3 Rd8 39. Ke4 Nd6+ 40. Ke5
Nf5 41. b5 axb5 42. axb5 Rb8 43. Rb1 g2 44. Rg1 Nh4 45. Ke4 Rxb5 46. Be1 Rb1
0-1

[Event "Univé Chess Tournament 2009 - Open"]
[Site "Hoogeveen NED"]
[Date "2009.10.23"]
[Round "8.24"]
[White "Potze, Rudolf"]
[Black "Beijerinck, Nick"]
[Result "0-1"]
[WhiteElo "2156"]
[BlackElo "2044"]
[PlyCount "52"]
[EventDate "2009.10.16"]
[EventType "swiss"]
[EventRounds "9"]
[EventCountry "NED"]
[Source "lmi"]
[SourceDate "2009.10.16"]

1. e4 c5 2. c3 d6 3. Bc4 Nf6 4. d3 Nc6 5. Bb3 g6 6. Ne2 Bg7 7. Nd2 O-O 8. Nf1
b5 9. Ne3 Bb7 10. Bc2 d5 11. O-O d4 12. Nd5 Nxd5 13. exd5 Qxd5 14. Bb3 Qd7 15.
a4 a6 16. cxd4 Nxd4 17. Nxd4 Bxd4 18. axb5 axb5 19. Rxa8 Rxa8 20. Qe2 Qc6 21.
Qg4 Ra1 22. h4 Qf6 23. Kh2 h5 24. Qh3 Rxc1 25. Rxc1 Qf4+ 26. Qg3 Be5 0-1

[Event "Univé Chess Tournament 2009 - Open"]
[Site "Hoogeveen NED"]
[Date "2009.10.23"]
[Round "8.25"]
[White "Van der Veen, Jan"]
[Black "Bijlsma, Nick"]
[Result "0-1"]
[WhiteElo "2144"]
[BlackElo "2028"]
[PlyCount "60"]
[EventDate "2009.10.16"]
[EventType "swiss"]
[EventRounds "9"]
[EventCountry "NED"]
[Source "lmi"]
[SourceDate "2009.10.16"]

1. e4 c5 2. f4 d5 3. Nc3 Nf6 4. Bb5+ Bd7 5. Bxd7+ Qxd7 6. d3 d4 7. Nce2 Qg4 8.
Kf2 Nc6 9. Nf3 Qd7 10. h3 O-O-O 11. g4 Ne8 12. Ng3 Nc7 13. Bd2 f6 14. a3 e6 15.
Qe2 Kb8 16. Rag1 Be7 17. f5 Bd6 18. Nh5 Qf7 19. Nf4 g6 20. fxe6 Nxe6 21. Nxe6
Qxe6 22. Re1 h5 23. g5 h4 24. Kg2 Bg3 25. Ref1 f5 26. Be1 Bxe1 27. Rxe1 Ne7 28.
exf5 Qxe2+ 29. Rxe2 Nxf5 30. Ne5 Ng3 0-1

[Event "Univé Chess Tournament 2009 - Open"]
[Site "Hoogeveen NED"]
[Date "2009.10.23"]
[Round "8.27"]
[White "Cako, Laszlo"]
[Black "Hovenga, Alje"]
[Result "1/2-1/2"]
[WhiteElo "2159"]
[BlackElo "2206"]
[PlyCount "23"]
[EventDate "2009.10.16"]
[EventType "swiss"]
[EventRounds "9"]
[EventCountry "NED"]
[Source "lmi"]
[SourceDate "2009.10.16"]

1. e4 c6 2. d4 d5 3. e5 c5 4. Nf3 Bg4 5. dxc5 Nc6 6. Bb5 Qa5+ 7. Nc3 e6 8. Be3
a6 9. Bxc6+ bxc6 10. a3 Bxf3 11. gxf3 Ne7 12. b4 1/2-1/2

[Event "Univé Chess Tournament 2009 - Open"]
[Site "Hoogeveen NED"]
[Date "2009.10.23"]
[Round "8.28"]
[White "Sadallah, Osama"]
[Black "Vedder, Richard"]
[Result "1/2-1/2"]
[WhiteElo "2156"]
[BlackElo "2349"]
[PlyCount "74"]
[EventDate "2009.10.16"]
[EventType "swiss"]
[EventRounds "9"]
[EventCountry "NED"]
[Source "lmi"]
[SourceDate "2009.10.16"]

1. d4 d5 2. c4 dxc4 3. Nf3 a6 4. e3 Nf6 5. Bxc4 e6 6. O-O c5 7. Qe2 b5 8. Bd3
Bb7 9. dxc5 Nc6 10. b4 Nxb4 11. Bxb5+ Nc6 12. Bxc6+ Bxc6 13. Nd4 Bd5 14. Ba3
Qa5 15. Qd2 Qa4 16. Qb2 Qa5 17. Nb3 Qc7 18. Rc1 Ng4 19. g3 Ne5 20. N1d2 Nd3 21.
Qd4 Nxc1 22. Rxc1 Rd8 23. Nc4 Ba8 24. Nd6+ Bxd6 25. cxd6 Qb7 26. Qa4+ Qd7 27.
Qxd7+ Rxd7 28. Nc5 Rxd6 29. Nxe6 Rc6 30. Nxg7+ Kd7 31. Rd1+ Kc7 32. Bb4 Rc2 33.
a3 Bf3 34. Re1 Kb7 35. Nf5 Ra2 36. Nd4 Bg4 37. Kg2 Rc8 1/2-1/2

[Event "Univé Chess Tournament 2009 - Open"]
[Site "Hoogeveen NED"]
[Date "2009.10.23"]
[Round "8.29"]
[White "Mol, Christiaan"]
[Black "Ypma, Peter"]
[Result "1/2-1/2"]
[WhiteElo "2079"]
[BlackElo "2052"]
[PlyCount "73"]
[EventDate "2009.10.16"]
[EventType "swiss"]
[EventRounds "9"]
[EventCountry "NED"]
[Source "lmi"]
[SourceDate "2009.10.16"]

1. d4 d5 2. c4 c6 3. Nf3 Nf6 4. e3 Bf5 5. Nc3 e6 6. Be2 Be7 7. O-O O-O 8. Nh4
Bg6 9. Nxg6 fxg6 10. Bd2 Bd6 11. c5 Bc7 12. f4 Nbd7 13. b4 b5 14. cxb6 axb6 15.
Qb3 b5 16. a4 bxa4 17. Rxa4 Nb6 18. Ra2 Rxa2 19. Qxa2 Qa8 20. Ra1 Qxa2 21. Rxa2
Ra8 22. Rxa8+ Nxa8 23. Ba6 Nb6 24. b5 cxb5 25. Bxb5 Kf7 26. Bd3 Nc8 27. h3 Nd6
28. g4 Ba5 29. Nb1 Bd8 30. Nc3 Ba5 31. Nb1 Bd8 32. Bb4 Nfe4 33. Nd2 Nxd2 34.
Bxd2 Be7 35. Kg2 g5 36. Kf3 gxf4 37. exf4 1/2-1/2

[Event "Univé Chess Tournament 2009 - Open"]
[Site "Hoogeveen NED"]
[Date "2009.10.24"]
[Round "9.1"]
[White "Genov, Petar"]
[Black "Haslinger, Stewart"]
[Result "1/2-1/2"]
[WhiteElo "2470"]
[BlackElo "2529"]
[PlyCount "130"]
[EventDate "2009.10.16"]
[EventType "swiss"]
[EventRounds "9"]
[EventCountry "NED"]
[Source "lmi"]
[SourceDate "2009.10.16"]

1. c4 e6 2. Nc3 d5 3. d4 c6 4. Nf3 dxc4 5. e3 b5 6. a4 Bb4 7. Bd2 a5 8. Ne5 Nf6
9. Qf3 Bxc3 10. Bxc3 Ra6 11. Qg3 Nh5 12. Qf3 Nf6 13. Qg3 Nh5 14. Qg4 g6 15. Be2
Nd7 16. O-O O-O 17. Rfd1 Nhf6 18. Qf3 Nd5 19. e4 Nxc3 20. Qxc3 Qe7 21. Ng4 h5
22. Ne3 Nb6 23. axb5 cxb5 24. b3 Qb4 25. Qxb4 axb4 26. bxc4 bxc4 27. Nxc4 Nxc4
28. Bxc4 Rxa1 29. Rxa1 Bb7 30. f3 Rd8 31. Rd1 Rc8 32. Bd3 b3 33. Kf2 b2 34. Rb1
Rc3 35. Ke2 Rb3 36. Kd2 Bc6 37. Bc4 Rb8 38. Kc3 Rc8 39. Rxb2 Bd5 40. Rb4 Kg7
41. Kd3 Bxc4+ 42. Rxc4 Ra8 43. Rc2 Kf6 44. Rd2 Rc8 45. Ra2 Rc7 46. Ra6 Ke7 47.
Ra2 Kf6 48. Rd2 Ke7 49. h4 Rc1 50. Ke3 Kf6 51. Kf4 Rc4 52. Ke3 Rc3+ 53. Rd3 Rc2
54. g3 Rc1 55. Kf4 Rc4 56. Ke3 Rc1 57. d5 exd5 58. exd5 Ke5 59. f4+ Kd6 60. f5
Re1+ 61. Kf2 Re5 62. fxg6 fxg6 63. Kf3 Rf5+ 64. Ke4 Re5+ 65. Kf4 Rf5+ 1/2-1/2

[Event "Univé Chess Tournament 2009 - Open"]
[Site "Hoogeveen NED"]
[Date "2009.10.24"]
[Round "9.2"]
[White "Nijboer, Friso"]
[Black "Friedel, Joshua E"]
[Result "1/2-1/2"]
[WhiteElo "2540"]
[BlackElo "2555"]
[PlyCount "33"]
[EventDate "2009.10.16"]
[EventType "swiss"]
[EventRounds "9"]
[EventCountry "NED"]
[Source "lmi"]
[SourceDate "2009.10.16"]

1. e4 e5 2. Nf3 Nc6 3. Bb5 a6 4. Ba4 Nf6 5. O-O b5 6. Bb3 Bc5 7. a4 Rb8 8. c3
d6 9. d4 Bb6 10. Na3 O-O 11. axb5 axb5 12. Nxb5 Bg4 13. Bc2 Bxf3 14. gxf3 Nh5
15. f4 Qh4 16. Qf3 Nxf4 17. Bxf4 1/2-1/2